000
00310 a2200145 4500
001
177735
020
_a
040
_c
Magnum
100
_a
Luiza, Ana
240
1
0
_a
O encantamento da fantasia
_l
por
245
1
0
_a
O encantamento da fantasia
362
0
_a
1899
697
_a
MAGNITO: IJ/POESIA
942
_c
BK
999
_c
177735
_d
177735